Normal view
MARC view
- Hafeez ur Rehman (NUST-2013-61524-MCES-64113-F)
Entry Personal Name
001 - CONTROL NUMBER
- control field: 116325
003 - CONTROL NUMBER IDENTIFIER
- control field: NUST
005 - DATE AND TIME OF LATEST TRANSACTION
- control field: 20230912165928.0
008 - FIXED-LENGTH DATA ELEMENTS
- fixed length control field: 230912|| aca||aabn | a|a d
040 ## - CATALOGING SOURCE
- Original cataloging agency: NUST
- Transcribing agency: NUST
100 ## - HEADING--PERSONAL NAME
- Personal name: Hafeez ur Rehman (NUST-2013-61524-MCES-64113-F)
670 ## - SOURCE DATA FOUND
- Source citation: Work cat.: (NUST): Hafeez ur Rehman (NUST-2013-61524-MCES-64113-F), Securing the future : Updating the PAK-IEM with particular focus on Natural Gas forecast using TIMES Modeling frame work /, 2016
